00677nam a2200169 a 450000100100000000500170001000800410002704000250006808200150009310000290010824500400013726000310017730000210020859000750022995201860030499900170049000003475920200930073903.0111019s1936 fr 000 0 spa d aDO-SdBNPbspacBNPHU axxxbP376t1 aPéguy, Charles,96024110aLes tapisseries /cCharles Péguy. aParis :bGallimard,c1936. a177 p. ;c19 cm. aPerteneció a la biblioteca personal de Juan Isidro Jimenes Grullón 001050718MOaGRbGRcCTd2011-10-19iLF1l0oxxx P376tp34759-10r2020-06-25w2020-06-25y1zPerteneció a la biblioteca personal de Juan Isidro Jimenes- GrullónZNo se presta c34250d34250